| 000 | 00488nam a2200241Ia 4500 | ||
|---|---|---|---|
| 001 | 067053 | ||
| 003 | YMCAF | ||
| 005 | 20230512160420.0 | ||
| 008 | 100717s1958 ||||||||||||||||| ||und|d | ||
| 020 | _a- | ||
| 024 | _a67053 | ||
| 035 | _a6516 | ||
| 040 |
_aYMCAF _beng _cIN-KoLT |
||
| 041 | _aeng | ||
| 100 | _aLITTLE, RICHHARD, L | ||
| 245 | 0 | _aMETAL WORKING TECHNOLOGY | |
| 250 | _a- | ||
| 260 |
_b- _c1958 |
||
| 300 | _a428 | ||
| 653 | _a- | ||
| 653 | _a- | ||
| 942 |
_2ddc _cBK |
||
| 999 |
_c4303 _d4303 |
||